<?xml version="1.0" encoding="UTF-8"?>
<record
    xmlns:xsi="http://www.w3.org/2001/XMLSchema-instance"
    xsi:schemaLocation="http://www.loc.gov/MARC21/slim http://www.loc.gov/standards/marcxml/schema/MARC21slim.xsd"
    xmlns="http://www.loc.gov/MARC21/slim">

  <leader>01050cam a2200217   4500</leader>
  <controlfield tag="005">20260216082702.0</controlfield>
  <controlfield tag="008">030821s2001    ag            000 0 spa u</controlfield>
  <datafield tag="020" ind1=" " ind2=" ">
    <subfield code="a">950679300X</subfield>
  </datafield>
  <datafield tag="050" ind1="0" ind2="4">
    <subfield code="a">KHA3446.I53</subfield>
    <subfield code="b">C66 2001</subfield>
  </datafield>
  <datafield tag="245" ind1="1" ind2="0">
    <subfield code="a">Contrato m&#xE9;dico y consentimiento informado </subfield>
    <subfield code="b"> : Informaci&#xF3;n sobre riesgos: abtenci&#xF3;n de tratamiento y alternativas terap&#xE9;uticas, carga de la prueba y decisi&#xF3;n del paciente, Los consentimientos en formularios y las cl&#xE1;usulas abusivas, Ley 24.240, de defensa del consumidor, Discrecionalidad cient&#xED;fica: da&#xF1;os no reparables : Jurisprudencia, Legislaci&#xF3;n</subfield>
    <subfield code="c"> / Patricia Casta&#xF1;o Restrepo,...[et al.]</subfield>
  </datafield>
  <datafield tag="250" ind1=" " ind2=" ">
    <subfield code="a">1a ed.</subfield>
  </datafield>
  <datafield tag="260" ind1=" " ind2=" ">
    <subfield code="a">Buenos Aires :</subfield>
    <subfield code="b">Universidad, </subfield>
    <subfield code="c">2001</subfield>
  </datafield>
  <datafield tag="300" ind1=" " ind2=" ">
    <subfield code="a">126 p. ;</subfield>
    <subfield code="c">23 cm. </subfield>
  </datafield>
  <datafield tag="650" ind1=" " ind2="4">
    <subfield code="a">Consentimiento informado (Derecho m&#xE9;dico)</subfield>
    <subfield code="z">Argentina</subfield>
  </datafield>
  <datafield tag="650" ind1=" " ind2="7">
    <subfield code="2">lemb</subfield>
    <subfield code="a">Medico y Paciente</subfield>
  </datafield>
  <datafield tag="700" ind1="1" ind2=" ">
    <subfield code="a">Casta&#xF1;o Restrepo, Patricia, </subfield>
    <subfield code="e">autor</subfield>
  </datafield>
  <datafield tag="700" ind1="1" ind2=" ">
    <subfield code="a">Weingarten, Celia, </subfield>
    <subfield code="e">autor</subfield>
  </datafield>
  <datafield tag="700" ind1="1" ind2=" ">
    <subfield code="a">Lovence, Graciela, </subfield>
    <subfield code="e">autor</subfield>
  </datafield>
  <datafield tag="700" ind1="1" ind2="0">
    <subfield code="a">Ghersi, Carlos A., </subfield>
    <subfield code="e">autor</subfield>
  </datafield>
  <datafield tag="942" ind1=" " ind2=" ">
    <subfield code="2">lcc</subfield>
    <subfield code="c">LIB</subfield>
  </datafield>
  <datafield tag="999" ind1=" " ind2=" ">
    <subfield code="c">137492</subfield>
    <subfield code="d">137490</subfield>
  </datafield>
  <datafield tag="952" ind1=" " ind2=" ">
    <subfield code="1">0</subfield>
    <subfield code="2">lcc</subfield>
    <subfield code="4">0</subfield>
    <subfield code="7">0</subfield>
    <subfield code="a">LIC-002</subfield>
    <subfield code="b">LIC-002</subfield>
    <subfield code="c">GENERAL</subfield>
    <subfield code="d">2021-07-06</subfield>
    <subfield code="f">1a ed.</subfield>
    <subfield code="k">CSA</subfield>
    <subfield code="l">0</subfield>
    <subfield code="o">KHA3446.I53 C66 2001</subfield>
    <subfield code="p">BFD000012477</subfield>
    <subfield code="r">2021-07-06 00:00:00</subfield>
    <subfield code="t">1</subfield>
    <subfield code="v">1.00</subfield>
    <subfield code="y">LIB</subfield>
  </datafield>
</record>
